| 000 | 00620nam a2200217 a 4500 | ||
|---|---|---|---|
| 005 | 20231101063714.0 | ||
| 008 | 180119s2012 mx r 000 0 spa d | ||
| 020 | _a9786074451894 | ||
| 035 | _aUPN01000222217 | ||
| 049 | _aCG | ||
| 050 | 4 |
_aPQ7298.23 A7.6 _bA2.2 |
|
| 100 | 1 |
_aMarquines, Jeremías, _d1968- _941405 |
|
| 245 | 1 | 0 |
_aAcapulco golden / _cJeremías Marquines. |
| 260 |
_aMéxico : _bEra, _c2012. |
||
| 300 | _a79 p. | ||
| 440 | 0 | _aGalería López Quíroga | |
| 586 | _aPremio Bellas Artes de Poesía Aguascalientes 2012 | ||
| 650 | 4 |
_aPoesía mexicana _91273 |
|
| 905 | _aLibro | ||
| 999 |
_c194314 _d194314 |
||